15 najbardziej dotkniętych krajów Covid-19 - 27 września - Statystyki

Ogólne statystyki
  • Ten quiz został rozwiązany 42 razy
  • Średni wynik to 8 z 24
Statystyki odpowiedzi
kraj % Poprawnych
Stany Zjednoczone
90%
Rosja
85%
Indie
67%
Brazylia
64%
Francja
64%
Hiszpania
62%
Wielka Brytania
46%
Meksyk
41%
Argentyna
33%
Chile
28%
Chile
28%
Kolumbia
28%
Republika Południowej Afryki
28%
Peru
26%
Iran
21%
Bangladesz
10%
Izrael
10%
Armenia
5%
Bahrajn
5%
Katar
5%
Oman
5%
Kostaryka
3%
Kuwejt
3%
Panama
3%
Nie znaleziono quizów pasujących do podanych kryteriów
Rozkład punktacji
Procent ludzi z każdym wynikiem
Percentyl według liczby udzielonych odpowiedzi
Twoja historia wyników
Nie rozwiązałeś tego quizu